000 00505nam a2200169Ia 4500
008 220216s9999 xx 000 0 und d
100 _aYamauchi Michel T
245 0 _aExamination of rubber-brass inter-reacted layer of steel cord by cross sectional tem observation
260 _bRubber Chemistry and Technology
_c2003
300 _a1045-1054
700 _aDoi Mitch
700 _aNakayama Takenori
700 _aOkumura Kazuo
700 _aShimizu Toshi
700 _aYasunaga David
942 _cJS
999 _c59072
_d59072